| 000 | 00414nam a2200121Ia 4500 | ||
|---|---|---|---|
| 008 | 200226s9999 xx 000 0 und d | ||
| 020 | _a978-1-4739-4968-3 | ||
| 245 |
_cEdited by: Rob Kitchin.-- _aUnderstanding spatial media / |
||
| 260 |
_aLondon : _bSage _c2017 |
||
| 300 |
_ax , 250 pages : _bcolor illustrations ; _c243 cm. |
||
| 500 | _aincludes bibligraphical reference and indexes. | ||
| 650 | _aGeospatial data. | ||
| 999 |
_c362996 _d362996 |
||